000 01115nas1a22003011i 4500
001 RU\NLR\Perin\1013639
005 20260407220459.0
035 _a(NLR Aleph) 004058941
090 _a3049335
_c3049335
100 _a20101014a20099999|||y0rusy50 ba
101 0 _aeng
102 _aRU
110 _aaha||||||||
200 1 _aIssues of linguistics and literary studies
_eacademic journal
_fThe Min. of education a. science of Astrakhan region, Astrakhan state univ.
210 _aAstrakhan
_cAstrakhan univ.
_d2009-
541 0 _aВопросы лингвистических и литературных исследований
_zrus
606 1 _aФилология
_jПериодические издания
_9921663
_3RU\NLR\AUTH\6619068
686 1 _aШ.я54(2)3
712 0 2 _4570
_8eng
_aAstrakhan state university
_7ba
_3RU\NLR\AUTH\8810146989
_9788495
801 2 _aRU
_bNLR
_c20101015
_2rusmarc
801 0 _aRU
_bNLR
_gPSBO
801 1 _aRU
_bNLR
_c20101014
_2rusmarc
852 _aNLR
_jP35/278
942 _cJOURNAL
980 _aINPER